Estatísticas para Países mais próximos de Luxemburgo

Clique aqui para jogar o quiz

Estatísticas Gerais

  • Esse quiz foi jogado 64 vezes
  • A pontuação média é 18 de 20

Estatísticas das Respostas

kmpaís% Correto
227Suíça
100%
0França
98%
0Alemanha
97%
0Bélgica
97%
366Itália
97%
811Espanha
95%
602Polônia
95%
321Áustria
93%
64Países Baixos
93%
401Chéquia
90%
694Croácia
90%
555Dinamarca
90%
768Eslováquia
88%
630Eslovénia
86%
767Hungria
84%
338Liechtenstein
84%
337Reino Unido
84%
766San Marino
81%
732Suécia
81%
641Mônaco
78%

Distribuição das Pontuações

Percentil de Números Respondidos

Porcentagem de Pessoas com Cada Pontuação

Sua Pontuação Histórica

Você não jogou esse quiz